[Event "Rubinstein Memorial 34th"]
[Site "Polanica Zdroj"]
[Date "1997.08.23"]
[Round "5"]
[White "Krasenkow, Michal"]
[Black "Ehlvest, Jaan"]
[Result "1-0"]
[WhiteElo "2645"]
[BlackElo "2610"]
[Annotator "Huzman,A"]
[PlyCount "139"]
[EventDate "1997.08.19"]
[EventType "tourn"]
[EventRounds "11"]
[EventCountry "POL"]
[EventCategory "16"]
[SourceTitle "CBM 061"]
[Source "ChessBase"]
[SourceDate "1997.11.23"]
[SourceVersion "1"]
[SourceVersionDate "1997.11.23"]
[SourceQuality "1"]

1. d4 Nf6 2. c4 g6 3. Nc3 Bg7 4. e4 d6 5. Nf3 O-O 6. h3 a5 (6... Re8 7. Bd3 Nc6
8. Be3 Nd7 9. Be2 e5 10. d5 Ne7 11. g4 f5 12. Ng5 Nf8 13. gxf5 gxf5 14. Bh5
Neg6 15. exf5 Bxf5 16. Bg4 Nf4 17. Bxf5 Qxg5 18. Qg4 Ng2+ 19. Ke2 Qxg4+ 20.
hxg4 Nxe3 21. fxe3 {Loeffler,S-Armas,J/Wijk Sonnevanck 1996/EXP 55/1-0 (53)})
7. Bg5 Na6 8. Nd2 (8. Qd2 Qe8 9. e5 Nd7 10. Bh6 dxe5 11. Bxg7 Kxg7 12. dxe5
Ndc5 13. Be2 c6 14. O-O Qd8 15. Qe3 Qb6 16. Nd4 Qa7 17. Rad1 Nc7 18. Qg3 Kh8
19. Qh4 f6 20. Bf3 N7e6 21. exf6 exf6 22. Rfe1 Qb8 {Lukov,V-Reschke,S/Giessen
Feb-IM 1994/EXT 94/0-1 (72)}) 8... Qe8 {/\9...e510.d5Nh5} 9. Be2 e5 10. d5 Nc5
11. h4 (11. b3 $5 Nfd7 {[%cal Yf7f5]}) 11... Nh5 (11... Nfd7 12. g4 f5 $140 13.
gxf5 gxf5 14. Bh5 {[%csl Re8]}) 12. Bxh5 gxh5 13. Qxh5 Nd3+ 14. Ke2 Nf4+ (14...
Nxb2 15. Bh6 $40 (15. a4 {[%csl Rb2]})) 15. Bxf4 exf4 16. Rae1 Kh8 (16... Bd7
$5 {[%cal Yb7b5]}) 17. Kd3 Bd7 18. Nf3 b5 19. cxb5 (19. e5 $5 bxc4+ 20. Kc2 $36
) 19... Bxb5+ 20. Kc2 Rb8 21. e5 Bd7 $1 22. Re4 (22. exd6 $6 Qc8 23. dxc7 Qxc7
$40 {[%cal Yb8b2,Yf8c8,Yc7c3,Yg7c3]}) 22... Rb4 23. Rhe1 Qb8 24. Rxb4 Qxb4 (
24... axb4 25. Ne4 $16 {[%cal Ge4g5,Ge4f6]}) 25. Re4 (25. Kc1 $5 Rb8 $140 26.
Re2) 25... Qc5 26. Rxf4 $4 (26. Re2 $1 $16) 26... Qxf2+ 27. Kd3 (27. Kb1 Qf1+
28. Kc2 Qxg2+ 29. Kb1 Rb8 30. b3 Qg6+ 31. Qxg6 fxg6 $17) 27... Qf1+ 28. Ke3
Qc1+ 29. Nd2 Qxb2 (29... dxe5 30. Rc4 (30. Rxf7 Bh6+ $17) 30... Qxb2 $17) 30.
Nde4 Qc1+ 31. Kf3 Qf1+ (31... Bxe5 32. Rxf7 (32. Qh6 Qxf4+ $19) (32. Ne2 Qa3+
$19) 32... Qf1+ 33. Nf2 Bg4+ $3 $19) 32. Nf2 Qc1 (32... Bxe5 $19) 33. Nfd1 Kg8
(33... Rg8 $5 {[%cal Yg7e5,Yg8g3]} 34. Rxf7 Be8 $19) 34. Rc4 dxe5 $6 (34...
Bxe5 $17) 35. Qg5 Qxg5 36. hxg5 Rc8 37. Ne3 $44 h6 38. gxh6 Bxh6 39. Ne4 Bg7 (
39... Kf8 {[%cal Yf8e7]} 40. Nf6 Ke7 41. Nxd7 Kxd7 42. Nf5) 40. Nc5 Bb5 41. Rg4
{[%cal Ge3f5]} Kh7 $2 (41... Kf8 42. Nf5 Bf6 43. a4 $36) 42. Nf5 Bf6 43. Ne4
$16 Bd8 44. Rg7+ Kh8 45. Rxf7 {[%cal Gf7f8]} Bc4 46. Rf8+ Kh7 47. Nc3 {[%cal
Gf8c8]} Bd3 48. g4 Rb8 49. Ne4 Rb4 50. Nc5 {[%cal Gc5e6]} Bxf5 51. gxf5 Rf4+
52. Kg3 Bh4+ 53. Kh3 Be1 54. Ne6 Rh4+ 55. Kg2 e4 56. Rf7+ Kh6 57. Rxc7 $18 Bb4
58. Rc8 Kh7 59. Rc4 Kh6 (59... Rh5 60. Rxb4 axb4 61. d6 $18) 60. Rc8 Kh7 61.
Rd8 {[%cal Gd5d6,Gd6d7]} e3 62. Kf3 Rh5 (62... Rh3+ 63. Ke2 Rh5 64. Rd7+ Kh6
65. f6 $18) 63. Rd7+ Kh6 64. Rf7 Bd2 65. d6 Rh3+ 66. Ke2 Rh2+ 67. Kd3 Bc1 68.
Rc7 $1 Ba3 69. d7 Be7 70. Kxe3 1-0

[Event "Tilburg Fontys"]
[Site "Tilburg"]
[Date "1997.10.07"]
[Round "9"]
[White "Lautier, Joel"]
[Black "Svidler, Peter"]
[Result "1/2-1/2"]
[WhiteElo "2660"]
[BlackElo "2660"]
[Annotator "Huzman,A"]
[PlyCount "87"]
[EventDate "1997.09.27"]
[EventType "tourn"]
[EventRounds "11"]
[EventCountry "NED"]
[EventCategory "17"]
[SourceTitle "CBM 061"]
[Source "ChessBase"]
[SourceDate "1997.11.23"]
[SourceVersion "1"]
[SourceVersionDate "1997.11.23"]
[SourceQuality "1"]

1. c4 Nf6 2. Nc3 g6 3. e4 d6 4. d4 Bg7 5. Nf3 O-O 6. Be2 e5 7. Be3 c6 8. d5 Ng4
9. Bg5 f6 10. Bh4 c5 11. O-O h5 {[%csl Rh4][%cal Yg6g5,Yh5h4]} (11... Nh6 12.
Ne1 Nd7 13. f3 (13. Rb1 b6 14. a3 g5 15. Bg3 f5 16. exf5 Nxf5 17. Ne4 h6 18.
Nc2 Nf6 19. Bd3 Qe8 20. Ne3 Nxe4 21. Bxe4 h5 22. Qd3 Qf7 23. f3 Nxe3 24. Qxe3
Bh6 25. Be1 Qg7 26. Bd2 Rf6 27. Qd3 g4 28. Bxh6 Qxh6 29. fxg4 Bxg4 30. Rxf6
Qxf6 31. Rf1 Qg7 32. h3 Bd7 33. Qf3 Be8 34. Qf5 Qf7 35. Qg5+ Qg7 36. Qh4 Qh6
37. Rf6 Qe3+ 38. Kh2 Kg7 39. Rf3 {1-0 Topalov,V-Kramnik,V/Supertorneo Las
Palmas 1996/CBM 57/[Kramnik]}) 13... Nf7 14. Nd3 Bh6 15. Bf2 f5 16. Rb1 Nf6 17.
b4 b6 18. bxc5 bxc5 19. Qa4 Bd2 20. Qc2 Bxc3 21. Qxc3 fxe4 22. Nxc5 dxc5 23.
Bxc5 Re8 24. f4 Qc7 25. Qe3 Ng4 26. Bxg4 Bxg4 27. h3 Be2 28. d6 Qc6 29. d7 Red8
30. Rf2 Bxc4 31. fxe5 Qxd7 {0-1 Shulman,Y-Korotylev,A/Komercni Banka op 1996/
EXP 55}) 12. Ne1 ({It is worse} 12. Nd2 {,because knight on d2 has no
perspective.}) 12... Na6 13. a3 Qe7 14. Rb1 Bd7 15. b4 b6 {The idea of black
is to create a fortess on the queen`s side and to attack on the king`s side.}
16. Nc2 Nh6 {[%cal Yh6f7]} 17. f3 Nf7 18. a4 $1 {[%cal Ga4a5]} Rfc8 19. Nb5 Nd8
{[%cal Yd8b7]} 20. Bf2 Bh6 21. a5 (21. Rb2 $5 $36 {[%cal Gd1a1,Ga4a5]} Nb7)
21... bxa5 22. bxa5 {Now white try to occupy "b"file,but black defend easily
from this threat.After long unsucsessful manouvers a draw was agreed} Nf7 23.
Bh4 Kg7 24. Rb3 Qd8 25. Qe1 Rcb8 26. Qc3 Rb7 27. Rfb1 Rab8 28. Kh1 Bf4 29. Bf2
Bg5 30. Bd3 Nc7 31. Be1 Na6 32. Bf2 Nc7 33. Be1 Na6 34. R3b2 Bf4 35. Kg1 Qh8
36. Rb3 Qd8 37. R3b2 Kg8 38. Rb3 Kg7 39. Qa1 Qh8 40. Qa2 Qd8 41. Qa1 Bg5 42.
R1b2 Qe7 43. Qb1 Bc8 44. Nc3 1/2-1/2

[Event "Madrid Magistral 7th"]
[Site "Madrid"]
[Date "1998.05.19"]
[Round "7"]
[White "Granda Zuniga, Julio E"]
[Black "Svidler, Peter"]
[Result "0-1"]
[WhiteElo "2630"]
[BlackElo "2690"]
[Annotator "Huzman,A"]
[PlyCount "108"]
[EventDate "1998.05.11"]
[EventType "tourn"]
[EventRounds "9"]
[EventCountry "ESP"]
[EventCategory "17"]
[SourceTitle "CBM 065"]
[Source "ChessBase"]
[SourceDate "1998.08.06"]
[SourceVersion "1"]
[SourceVersionDate "1998.08.06"]
[SourceQuality "1"]

1. Nf3 Nf6 2. c4 g6 3. Nc3 Bg7 4. e4 d6 5. d4 O-O 6. Be2 e5 7. d5 Na6 (7... a5
8. Bg5 h6 9. Bh4 Na6 10. Nd2 Qe8 11. a3 Bd7 12. b3 Nh7 13. Rb1 h5 {[%cal Yg6g5,
Yh5h4]} 14. f3 Bh6 {[%cal Yh6e3,Ye3c5,Yc5g1,Yc5a3]} 15. Bf2 Qe7 {[%cal Ye7g5,
Yg5g2,Yg5d2]} 16. h4 Nc5 17. Qc2 f5 $132 18. b4 axb4 19. axb4 Na4 20. Nb5 $1 c6
$6 (20... Bxb5 21. cxb5 Nf6 $132) 21. Nc7 Rac8 22. Ne6 cxd5 (22... Bxe6 23.
dxe6 b5 $13) (22... Rf6 $5 $13) 23. Nxf8 Nxf8 24. exd5 $16 {Zilberman,
Y-Becerra Rivero,J/Capablanca mem Elite 1998/1-0 (75)}) 8. Nd2 Bd7 9. O-O (9.
a3 c6 (9... Ne8 10. b4 f5 11. O-O Nf6 12. exf5 gxf5 13. Nb3 Qe7 14. Na5 b6 15.
Nc6 Bxc6 16. dxc6 Nb8 17. Bg5 Qf7 18. Bxf6 Bxf6 19. Nd5 Kh8 20. b5 $16 {
1-0 Franco,Z-Arroniz,R/San Sebastian op 1994 (33)}) 10. b4 (10. O-O Ne8 11. b4
c5 12. Rb1 b6 13. Rb3 f5 14. exf5 gxf5 15. f4 e4 16. b5 Nac7 $11 {Hetey,
L-Buenermann,V/BL9697 1996/1-0 (49)}) 10... c5 11. Rb1 b6 12. h4 Nh5 13. Bxh5
gxh5 14. Qxh5 f5 15. b5 Nc7 16. exf5 Bxf5 17. Nde4 $16 {Kumaran,D-Vouldis,A/
WchJM-U18 1993/1/2-1/2 (49)}) (9. Rb1 c5 10. O-O Ne8 11. a3 f5 12. exf5 gxf5
13. f4 e4 14. Kh1 Nac7 15. Qc2 Nf6 16. b4 b6 17. bxc5 bxc5 18. Nd1 Rb8 {
1/2-1/2 Illescas Cordoba,M-Svidler,P/Madrid 1998}) 9... Ne8 10. a3 c5 11. Kh1 {
[%cal Gf2f4]} ({The white choose the plan with movement f2-f4 using the factor
that the black knights can't occupy square e5.The better attempt was} 11. dxc6
$5 bxc6 (11... Bxc6 12. b4 Nac7 13. Nb3 $14 {[%csl Rd6] /+/-}) 12. b4 Nac7 13.
Nb3 {[%cal Gc4c5]} Ne6 14. Be3 $14) 11... f5 12. exf5 gxf5 13. f4 e4 {Now the
main idea of the black is after 14...Bc315bc3 to get typical pawn structure
limiting the possibility of the white bishops.It is strange but the white
didn't prevent this threat.} 14. g4 (14. Qc2) 14... Nac7 (14... Bxc3 15. bxc3
Nac7 $17) 15. gxf5 (15. Qc2 e3 16. Nb3 fxg4 $16) 15... Bxc3 16. bxc3 Bxf5 $17
17. Rg1+ Kh8 18. Nf1 Qf6 19. Ng3 Ng7 (19... Qxc3 $2 20. Rb1 $18 {[%cal Gb1b7,
Gc1b2,Gb2h8]}) 20. Rb1 b6 21. Be3 Rae8 (21... Qxc3 $2 22. Bc1 $40 {[%cal Gc1b2,
Gb2g7,Gg1g7]}) 22. Qe1 $6 (22. a4 $5 {[%cal Ga4a5]}) 22... Re7 23. Rb2 {
[%cal Ge2d1,Gb2g2,Gg1g7]} Qh6 $1 {[%cal Yc7e8,Ye8f6]} 24. Bd1 Nce8 25. Rbg2 Nf6
(25... Bh3 $5) 26. Nf1 Bh3 27. Rg5 (27. f5 {Ubilava} Bxg2+ 28. Kxg2 $1 $18)
27... Nf5 {[%cal Yf5h4,Yh4f3]} 28. Ng3 (28. Bf2 {[%cal Gf1e3]} e3 $1 29. Nxe3
Ne4 30. Nxf5 (30. Ng4 Bxg4 31. R5xg4 Neg3+ (31... Nf6 $17) 32. Bxg3 Rxe1 33.
Rxe1 (33. Bxe1 Ne3 $17) 33... Qf6 $17) 30... Bxf5 $17) 28... Nh4 29. Qf2 (29.
f5 $2 {Ubilava} Nf3 30. Bxf3 exf3 31. Qf2 Rxe3 32. Qxe3 Ng4 33. Qd2 Qxg5 34.
Qxg5 Nf2#) 29... Nf3 $1 30. Bxf3 exf3 {[%cal Yf6g4]} 31. Qxf3 Bg4 (31... Ng4 $2
32. Rxg4 Bxg4 33. Qxg4 Rxe3 34. Nf5 $18) 32. Qf2 (32. Rxg4 $142 Rxe3 33. Rg8+ (
33. Qxe3 Qxh2+ 34. Kxh2 Nxg4+ 35. Kh3 Nxe3 $17 {/-+}) 33... Rxg8 (33... Nxg8
34. Qxe3 Qxf4 35. Qe2 $15) 34. Qxe3 Qxh2+ 35. Kxh2 Ng4+ 36. Kh3 Nxe3 37. Re1
Nxc4 38. Nf5 $132) 32... Rfe8 33. Re1 (33. Nf1 Bh3 34. f5 Bxf1 $1 35. Rg8+ Nxg8
36. Bxh6 Bxc4 $1 $19) 33... Bd7 $1 {[%cal Yf6g4,Yg4e3,Yg4f2,Yg4h2,Yh6h2]} 34.
Qg1 Ng4 (34... Qh3 $142 {Ubilava} 35. Nf1 (35. Qf2 h6 36. Rg6 Ng4 $19) 35...
Qf3+ 36. Qg2 Rxe3 37. Nxe3 Rxe3 38. Qxf3 Rxf3 39. Re7 Rxf4 40. Rgg7 Be8 41.
Rxa7 Rxc4 $17) 35. Nf1 Qh3 (35... Qh4 $1 36. Bd4+ cxd4 37. Rxe7 (37. Qxd4+ Re5
38. fxe5 Nf2+ 39. Kg2 (39. Kg1 Qxg5+ 40. Kxf2 (40. Ng3 Nh3+ 41. Kh1 dxe5 $19)
40... Rf8+ 41. Ke2 Qg2+ 42. Kd1 (42. Kd3 Rf3+ 43. Ne3 Bf5+ $19) 42... Ba4+ 43.
Kc1 Qc2#) 39... Bh3+ 40. Kg1 Qxg5+ 41. Ng3 Ng4 42. exd6+ Ne5 $19) 37... Nf2+
38. Kg2 Rxe7 39. Qxf2 Bh3+ 40. Kg1 Qxf2+ 41. Kxf2 Rf7 $5 (41... dxc3 $15) 42.
cxd4 Bxf1 43. Kxf1 Rxf4+ 44. Ke2 Rxd4 $17) 36. Bd4+ cxd4 37. Qxd4+ Re5 38. fxe5
dxe5 39. Qd2 Rf8 $1 {[%cal Yf8f1,Yf8f2,Yf2h2]} 40. Kg1 (40. Rxg4 Bxg4 $40 (
40... Bxg4 {Ubilava} 41. Ng3 $16)) 40... Rf2 41. Qxf2 Nxf2 42. Kxf2 Qh4+ 43.
Rg3 Qxc4 $15 {/=} 44. Ne3 (44. Rge3 $1 $132) 44... Qa2+ 45. Kg1 Qxa3 46. Rf1
Qe7 47. Nc4 {[%csl Rh8][%cal Gd5d6]} (47. Rgf3 $5 Qc5 48. Kg2 $132) 47... h5 (
47... Qc5+ 48. Rf2 e4 49. Kg2 b5 (49... Bh3+ 50. Rxh3 Qxc4 51. Rg3 Qc5 52. Rf6
$132 {/=}) 50. Ne5 Be8 51. Rf6 e3 52. d6 $11 {[%cal Gf6f8]}) 48. Rf2 $6 (48. d6
Qe6 49. Rf8+ Kh7 50. Rfg8 Qxc4 (50... Qxg8 $2 51. Rxg8 Kxg8 52. Nxe5 $18) 51.
R3g7+ Kh6 52. Rg6+ $11) 48... Kh7 49. Rgf3 $6 (49. Nxe5 Qxe5 50. Rf7+ Kh6 51.
Rxd7 h4 52. Rf3 Qe1+ 53. Rf1 Qxc3 $15) 49... Be8 $15 {/-/+} 50. Rf5 Qg7+ $1 51.
Rg2 Qc7 $1 52. Rxe5 $2 (52. Nxe5 $8 Qc5+ $1 (52... Qxc3 $5 $17) 53. Rgf2 Qxd5
$17) 52... Bg6 $1 $19 53. Re6 (53. Reg5 Qc5+ 54. Kh1 Qxc4 55. Rxg6 Qf1+ 56. Rg1
Qf3+ 57. R1g2 (57. R6g2 h4 58. h3 Qxh3+ 59. Rh2 Qf3+ 60. Rgg2 (60. Rhg2 h3 $19)
60... Qd1+ 61. Rg1 Qxd5+ 62. Rgg2 Qd1+ 63. Rg1 Qf3+ 64. Rgg2 h3 $19) 57... Qd1+
58. Rg1 Qxd5+ 59. R1g2 (59. R6g2 h4 60. h3 Qf3 61. Kh2 Qxc3 $19) 59... Qd1+ 60.
Rg1 Qf3+ 61. R1g2 Qxc3 $19) 53... Bf7 $1 54. Rf6 (54. Rc6 Qe7 $1 $19 {[%cal
Yf7d5,Ye7e1,Ye1g1]}) 54... Bxd5 0-1

[Event "Olympiad-33"]
[Site "Elista"]
[Date "1998.10.05"]
[Round "7.1"]
[White "Azmaiparashvili, Zurab"]
[Black "Fedorov, Alexei"]
[Result "0-1"]
[WhiteElo "2655"]
[BlackElo "2600"]
[Annotator "Huzman,A"]
[PlyCount "102"]
[EventDate "1998.09.29"]
[EventType "team-swiss"]
[EventRounds "13"]
[EventCountry "RUS"]
[SourceTitle "CBM 068"]
[Source "ChessBase"]
[SourceDate "1999.02.01"]
[SourceVersion "1"]
[SourceVersionDate "1999.02.01"]
[SourceQuality "1"]
[WhiteTeam "Georgia"]
[BlackTeam "Belarus"]
[WhiteTeamCountry "GEO"]
[BlackTeamCountry "BLR"]

1. d4 Nf6 2. c4 g6 3. Nc3 Bg7 4. e4 d6 5. Nf3 O-O 6. Be2 e5 7. Be3 Ng4 8. Bg5
f6 9. Bh4 Nc6 10. d5 Ne7 11. Nd2 h5 12. h3 Nh6 13. g4 hxg4 14. hxg4 Nf7 15. Nf1
{[%cal Gf1e3,Rf6f5,Ge2d3,Gd3f5,Ge4f5,Gg4f5,Ge3f5]} (15. b4 c5 16. Qb3 b6 17. a4
Bd7 18. a5 Rb8 19. Qa3 Nc8 20. f3 Bh6 21. Bf2 Kg7 22. Rb1 Rh8 23. Kd1 Ne7 {
1/2-1/2 Volkov,S-Spasov,V/Elista olm 1998}) 15... c5 16. Ne3 Bd7 {[%cal Ya7a6,
Ya8b8,Yb7b5]} 17. Bd3 Qa5 18. Nc2 {[%cal Gc2a1]} (18. a3 a6 19. Kd2 $5 b5 20.
b3) 18... a6 19. a4 Nc8 $1 {[%cal Ya5d8,Yg7h6,Yh6c1]} 20. f3 Qd8 21. a5 Bh6 22.
Bf2 $36 {[%cal Gb2b4] <<} Kg7 $1 {[%cal Yf8h8,Yh8h1]} 23. Kf1 Rh8 24. Ne2 {
[%cal Ge2g3,Gg3f5,Gg4f5,Ge4f5,Gd3f5]} (24. Kg2 $5 f5 $1 $40 {[%csl Rg2]} (24...
Bf4 25. Rxh8 Qxh8 26. Qh1 $14)) 24... Ne7 {[%cal Yf6f5]} 25. Ng3 Qc7 $1 {
[%cal Yh6f4,Yh8h1]} 26. b4 Bf4 $132 27. Kg2 (27. Ke2 $5 Rxh1 28. Qxh1 Rh8 29.
Qg2 $13) 27... Rxh1 28. Qf1 {Probably a mistake in the text of the game.} Rg1+
29. Qxg1 Rh8 30. Qb1 Qc8 $1 {[%cal Yf7g5,Yh8h3,Yc8h8,Yc8g4]} 31. Ne3 {[%cal
Ge3g4]} (31. bxc5 Bxg4 32. fxg4 Qxg4 $40 {[%cal Yf7g5,Yh8h3]}) 31... Ng5 $1 32.
bxc5 Rh3 33. Be2 (33. cxd6 Qh8 $1 34. Nef1 (34. Qg1 Bxg3 35. Bxg3 Rxg3+ 36.
Kxg3 Qh3+ 37. Kf2 Qxf3+ 38. Ke1 Nh3 $19 39. Be2 Qf4 40. Qg2 Qxe3 {[%cal Ye3c3,
Yc3e1,Yc3a1]}) 34... Rh1 $1 35. Bg1 (35. Nh5+ gxh5 36. Kxh1 hxg4+ $19) 35...
Qh3+ 36. Kf2 Rxg1 37. Kxg1 Be3+ $1 38. Nxe3 Qxg3+ 39. Kf1 Qxf3+ 40. Kg1 Qxe3+
41. Kg2 Bxg4 $19) 33... dxc5 {[%cal Yc8h8,Yh8h2]} 34. Qg1 $6 (34. Nef1 $1 {
[%csl Rc5,Rh2][%cal Gb1b6]} f5 35. d6 Nc6 (35... fxg4 36. dxe7 gxf3+ 37. Bxf3
Nxf3 38. Kxf3 $18) 36. exf5 Nd4 37. Bxd4 exd4 38. fxg6 $16) 34... Qh8 35. Rb1
Bc8 36. Rd1 {[%cal Gd5d7]} Ng8 {[%cal Yg8h6,Yh6g4]} (36... Rh6 $5 {[%cal Yg5h3,
Yh3g1,Yh3f2]} 37. d6 (37. Be1 Nh3 $19) 37... Nh3 38. d7 (38. dxe7 Nxg1 39. Rd8
(39. Bxg1 Bxg3 40. Kxg3 Rh1 41. Kg2 (41. Rd8 Rxg1+ 42. Ng2 Qh1 43. Rg8+ Kxg8
44. e8=Q+ Kg7 45. Qe7+ Kh6 46. Qf8+ Kg5 $19) (41. Nd5 Bd7 $17) 41... Qh3+ 42.
Kf2 Qh4+ 43. Kg2 Kf7 44. Rd8 Kxe7 45. Rxc8 Rxg1+ 46. Kxg1 Qe1+ $19)) (38. Qf1
Nxf2 39. Kxf2 Rh2+ 40. Ng2 Qh4 $19) 38... Bxd7 39. Rxd7 Nxg1 40. Rxe7+ (40.
Nef5+ gxf5 41. Nxf5+ Kg6 42. Nxe7+ Kg5 $19) 40... Kf8 41. Rxb7 Rh2+ 42. Kf1 (
42. Kxg1 Rh1+ 43. Nxh1 Qh2+ 44. Kf1 Qxh1+ 45. Bg1 Bxe3 $19) 42... Qh3+ 43. Ke1
Rxf2 $19) 37. d6 Bd7 38. Nd5 Nh6 $1 (38... Bxg4 39. Rb1 $1 (39. fxg4 Rxg3+ 40.
Bxg3 Qh3+ 41. Kf2 Bxg3+ $19 {[%cal Yg5e4]}) (39. Nxf4 exf4 40. fxg4 Rxg3+ 41.
Bxg3 Qh3+ 42. Kf2 fxg3+ 43. Ke1 {[%cal Gd6d8]} g2 $40) 39... Bc8 (39... Rxg3+
40. Bxg3 Bxg3 41. Kxg3 (41. Rxb7+ Kf8 42. Rb8+ Kg7 43. Rb7+ $11) 41... Qh3+ 42.
Kf2 Bxf3 43. Rxb7+ Kh8 44. d7 Nxe4+ (44... Qh4+ 45. Kf1 Bxe2+ 46. Kxe2 Qxe4+
47. Ne3 Qf3+ 48. Kd3 (48. Kd2 $2 Qxb7 $19) 48... Qe4+ 49. Kc3 $16) 45. Ke1 Qh4+
(45... Qh6 46. Nf4 $1 Qh4+ (46... Qxf4 47. d8=Q Qc1+ 48. Qd1 Qc3+ 49. Kf1 $18)
47. Kd1 Nf2+ 48. Kc2 Qxf4 49. d8=Q Bxb7 $16)) 40. d7 $1 Rxg3+ (40... Bxd7 41.
Rxb7 Rxg3+ 42. Bxg3 Qh3+ 43. Kf2 $16) 41. Bxg3 Qh3+ 42. Kf2 Qxd7 43. Qh2 $13)
39. Rb1 $2 (39. Rd3 Nxg4 40. fxg4 Rxg3+ 41. Bxg3 (41. Rxg3 Bxg3 42. Bxg3 Qh3+
43. Kf2 Nxe4+ $19) 41... Qh3+ 42. Kf2 Nxe4+ $19) (39. Nf1 Nxf3 40. Bxf3 Rxf3
41. Nfe3 $1 (41. Kxf3 Bxg4+ 42. Kg2 Bxd1 $17) 41... Rh3 $1 $19) 39... Nxg4 $1
$19 40. Nxf4 (40. fxg4 Rxg3+ 41. Bxg3 Qh3+ $19) 40... exf4 41. fxg4 fxg3 {
[%cal Yh3h2]} 42. Bxg3 Rxg3+ $1 43. Kxg3 Qh3+ 44. Kf2 Nxe4+ 45. Ke1 Qc3+ 46.
Kf1 Nd2+ 47. Kf2 Qd4+ $1 48. Kg3 (48. Kg2 Bc6+ 49. Kh3 Nxb1 $19) 48... Qe5+ 49.
Kf2 (49. Kh3 Nxb1 $19) 49... Qf4+ 50. Ke1 Nxb1 51. Qxc5 Qg3+ 0-1

[Event "Prague Sachinfo"]
[Site "Prague"]
[Date "1999.05.31"]
[Round "1"]
[White "Rogers, Ian"]
[Black "Movsesian, Sergei"]
[Result "1/2-1/2"]
[WhiteElo "2618"]
[BlackElo "2650"]
[Annotator "Huzman,A"]
[PlyCount "91"]
[EventDate "1999.05.??"]
[EventType "tourn"]
[EventRounds "6"]
[EventCountry "CZE"]
[EventCategory "15"]
[SourceTitle "CBM 072"]
[Source "ChessBase"]
[SourceDate "1999.10.01"]
[SourceVersion "1"]
[SourceVersionDate "1999.10.01"]
[SourceQuality "1"]

1. d4 Nf6 2. c4 g6 3. Nc3 Bg7 4. e4 d6 5. Be2 O-O 6. Nf3 Na6 7. Bg5 h6 8. Bh4
e5 9. d5 Nc5 10. Nd2 a5 11. b3 Bd7 12. a3 Qe8 13. O-O Nh7 (13... Qb8 14. b4 Na6
15. Rb1 axb4 16. axb4 Qa7 17. Kh1 c5 18. dxc6 bxc6 19. f3 Rfb8 20. Bf2 Qc7 21.
b5 $14 {1-0 Kalka,A-Hubert,R/NRW-Liga II 1996/NRW-II (69)}) 14. b4 (14. f3 f5 (
14... Na6 15. Rb1 f5 16. b4 f4 17. Bf2 axb4 {1/2-1/2 Kerek,C-Toth,G/Paks 1995/
EXT 99 (17)}) 15. b4 Na6 (15... Na4 16. Qc2 Bf6 (16... Nxc3 17. Qxc3 a4 18.
Rac1 Bf6 19. Bf2 Bg5 20. Rc2 $16 {1-0 Gomez Jurado,L-Puigdemont,J/Foment 1995/
EXT 95op2 (41)}) 17. Bf2 Bg5 18. Nb5 Qe7 19. Nxc7 $16 {1-0 Stanec,N-Winiwarter,
F/Linz 1997/EXP 58 (39)}) 16. Qb3 h5 17. Bf2 Bh6 18. Ra2 b6 19. c5 a4 20. Qc4
bxc5 21. bxc5 Nxc5 22. Bxc5 dxc5 23. Qxc5 Nf6 $132 {1-0 Happel,H-Edvardsson,K/
Reykjavik 1994/EXP 39 (57)}) (14. Nb5 Na6 15. b4 g5 16. Bg3 axb4 17. axb4 Nxb4
18. Nxc7 Rxa1 19. Qxa1 Qb8 20. Qb2 Qxc7 21. Qxb4 $16 {1-0 Walkusz,
M-Radzikowska,K/Bytom 1995/EXT 95op (26)}) 14... Na6 (14... axb4 15. axb4 Na4 (
15... Na6 16. Qb3 f5 17. f3 Bf6 18. Bf2 Bg5 19. Ra2 Nf6 20. c5 Bxd2 21. Rxd2
fxe4 22. Nxe4 Nxe4 23. fxe4 $16 {1-0 Vaisman,V-Daillet,E/Angers 1990/EXT 90ch2
(42)}) (15... Rxa1 16. Qxa1 Na6 17. Qa5 (17. Qa3 f5 18. f3 Rf7 19. c5 Nb8 20.
Qa7 $16 {0-1 Kislinger,G-Gibis,R/Bayern 1996/EXT 99 (36)}) 17... f5 (17... Qc8
18. c5 Nb8 19. Nb5 Bxb5 20. Bxb5 g5 21. Bg3 Nd7 22. cxd6 c6 23. dxc6 bxc6 24.
Rc1 $18 {1-0 Neubert,M-Bauer,K/Bayern 1996/EXT 99 (36)}) 18. f3 Qc8 19. c5 Nb8
20. Rc1 Nf6 21. cxd6 cxd6 22. Nc4 $16 {1-0 Neubert,M-Herrmann,S/Bad Neustadt
1991/EXT 91op2 (43)}) 16. Qc2 (16. Nxa4 Bxa4 17. Qb1 Bd7 18. Qb2 f5 19. Rxa8
Qxa8 20. Ra1 Qe8 21. f3 g5 22. Bf2 Qg6 23. c5 g4 $40 {0-1 Kopta,P-Karnik,P/
Policka 1996/EXT 97 (39)}) 16... Nxc3 17. Qxc3 h5 18. f3 Bh6 19. c5 Bg5 20.
Bxg5 Nxg5 21. Rxa8 Qxa8 22. Ra1 Qd8 23. Qe3 f5 24. Ra7 $36 {1-0 Rogers,
I-Suradiradja,H/Brisbane 1979/EXT 97 (36)}) (14... Na4 15. Nxa4 Bxa4 16. Qc1
Bd7 (16... h5 17. f3 Bh6 18. Qc3 axb4 19. axb4 Bd7 20. c5 Rxa1 21. Rxa1 f5 22.
Nc4 g5 23. Bf2 Qg6 24. cxd6 cxd6 25. Nb6 Be8 26. Bd3 $16 {1-0 Franic,M-Gojak,I/
Zadar 1995/EXT 97 (41)}) 17. c5 g5 18. Bg3 f5 19. f3 axb4 20. axb4 Rxa1 21.
Qxa1 Qg6 22. Qa7 f4 23. Be1 g4 24. fxg4 Bxg4 25. Bxg4 Qxg4 26. cxd6 cxd6 27.
Qxb7 Ng5 $132 {0-1 Bergmann,A-Suchorukow,A/Mlada Boleslav 1992/EXT 92op (37)})
15. Rb1 axb4 16. axb4 h5 17. f3 Bh6 18. Bf2 (18. Qc2 Be3+ 19. Bf2 Bxf2+ 20.
Rxf2 Qe7 21. Na2 Rfb8 22. Nb3 Ba4 23. Qc3 Bxb3 24. Qxb3 Nf8 25. Bf1 c5 26. dxc6
bxc6 27. Qd3 Ne6 $15 {0-1 Huque,R-Ye Jiangchuan/Asia-chT 1987/EXT 87ch2 (43)})
18... Qe7 19. Qc2 (19. c5 dxc5 20. Bxa6 cxb4 21. Bxb7 Rab8 22. Nb3 bxc3 (22...
Rxb7 23. Bc5 (23. Nc5 Rbb8 24. Na2 (24. Na6 Ra8 25. Nxb4 (25. Bc5 Be3+ $1 26.
Bxe3 Rxa6 $17) 25... Rfb8 $11) 24... Rb5 25. Nxd7 Qxd7 26. Rxb4 $14) 23... Qh4
24. g3 (24. Bxf8 Be3+ $1 25. Kh1 Bf4 $17) 24... Qh3 25. Bxf8 Nxf8 $36) 23. Nc5
(23. Bc5 Qh4 24. g3 Qf6 25. Bxf8 Nxf8 $17) 23... Bc8 24. Qc2 Bd2 $11) 19... h4
20. Rfd1 b6 21. Qb2 $1 {[%cal Gb1a1,Ga1a3,Gd1a1]} Qg5 (21... h3 $5 22. g3 f5
$132) 22. Bf1 Nf6 {[%cal Yf6h5,Yh5f4]} 23. Ra1 Nh5 24. Ra3 $16 Kg7 (24... Nf4
25. Kh1) 25. Ne2 (25. Qa1 $1 Nxb4 (25... Nf4 26. Kh1 $18) 26. Rxa8 Nc2 27. Qa2
Rxa8 (27... Ne3 28. Rxf8 Nxg2 (28... Nxd1 29. Nxd1 $18) 29. Kh1 $18) 28. Qxc2
$18) 25... f5 26. Qa1 Nxb4 27. Rxa8 Rxa8 28. Qxa8 Nd3 $1 29. f4 $6 (29. exf5
Nxf2 (29... gxf5 30. Nb1 Nxf2 31. Kxf2 Qe3+ 32. Ke1 Nf4 33. Qa3 $18) 30. Kxf2
Qe3+ 31. Ke1 Nf4 32. Ne4 Nxe2 33. f6+ Kh7 (33... Kf7 34. Rd3 $1 Qxd3 35. Qd8
Qb1+ 36. Kf2 $18) 34. Rd3 $1 Qxd3 35. f7 Qb1+ 36. Kf2 $18) 29... Nhxf4 30. Nxf4
Nxf2 31. Kxf2 Qxf4+ 32. Kg1 fxe4 33. Qd8 Bg4 34. Qxc7+ (34. Ra1 Bg5 (34... Qxd2
35. Qe7+ $18) 35. Qxc7+ Kh6 36. Ra7 Kh5 $1 37. h3 (37. Ra2 Qe3+ 38. Kh1 Qe1
$132) 37... Qe3+ 38. Kh1 Bf5 39. Ra2 Qf2 $132) 34... Qf7 $1 35. Qxf7+ $2 (35.
Qxb6 $1 Bxd1 (35... e3 36. Nf3 Bxf3 37. gxf3 Qxf3 38. Rb1 e2 39. Qc7+ Kg8 40.
Rb8+ Bf8 41. Rxf8+ Kxf8 42. Qxd6+ Kf7 43. Qe6+ Kf8 44. Bxe2 Qxe2 45. Qf6+ Ke8
46. Qxg6+ Kd7 $132 {/+/-}) 36. Nxe4 Qf4 37. Nf2 Bc2 38. Qxd6 e4 $132) 35...
Kxf7 36. Re1 Bxd2 37. Rxe4 Bf5 $1 38. Rxh4 (38. Re2 Bc3 $11) 38... Be3+ 39. Kh1
Kg7 $11 40. g4 Bf2 41. Rh3 Bxg4 42. Rb3 e4 43. Kg2 Bd4 44. Kg3 Bh5 45. Kf4 Bf3
46. Rxf3 1/2-1/2